| 000 | 02591nam0a2200433 4500 | ||
|---|---|---|---|
| 001 | RU\NLR\BIBL_A\012371511 | ||
| 005 | 20210112161548.0 | ||
| 010 |
_a978-5-6044734-8-1 _d1000 |
||
| 021 |
_aRU _bКН-П-20-034892 _9КН-П-20-2663 |
||
| 035 | _a(NLR Aleph) 012371511 | ||
| 035 | _a(RuMoRGB)010360304 | ||
| 090 |
_a11578106 _c11578106 |
||
| 100 | _a20201007d2020 k y0rusy50 ca | ||
| 101 | 0 | _arus | |
| 102 | _aRU | ||
| 105 | _aaczzzz||000zy | ||
| 181 | 0 |
_ai _baxxe |
|
| 182 | 0 | _an | |
| 200 | 1 |
_aПрофессиональная подготовка субъектов образовательного процесса в современном вузе _eколлективная монография _f[Аникина Анна Саввишна, кандидат педагогических наук, Арпентьева Мариям Равильевна, доктор психологических наук, доцент, член-корреспондент РАЕ, академик МАО, профессор, Байбородова Людмила Васильевна, доктор педагогичесчких наук, профессор и др. _gответственный редактор: А. Ю. Нагорнова, кандидат педагогических наук, доцент] _gЗебра |
|
| 203 |
_aТекст _bвизуальный _cнепосредственный |
||
| 210 |
_aУльяновск _cЗебра _d2020 |
||
| 215 |
_a294 с. _cил., табл., цв. ил., портр. _d21 |
||
| 300 | _aАвт. указаны на с. 289-291 | ||
| 320 | _aБиблиогр. в конце разделов | ||
| 606 | 1 |
_aВысшее образование _2nlr_sh2 _3RU\NLR\AUTH\661027333 |
|
| 610 | 0 | _aвысшее образование | |
| 610 | 0 | _aвысшее педагогическое образование | |
| 686 | 1 | _aЧ48 | |
| 701 | 1 |
_aАникина _bА. С. _gАнна Саввишна |
|
| 701 | 1 |
_aАрпентьева _bМ. Р. _gМариям Равильевна _3RU\NLR\AUTH\770180536 |
|
| 701 | 1 |
_aБайбородова _bЛ. В. _cд-р пед. наук _f1952- _gЛюдмила Васильевна _3RU\NLR\AUTH\77100504 |
|
| 702 | 1 |
_aНагорнова _bА. Ю. _cканд. пед. наук _gАнна Юрьевна _3RU\NLR\AUTH\770180554 _4340 |
|
| 712 | 0 | 2 |
_a"Зебра", издательство _cУльяновск _3RU\NLR\AUTH\880422013 _4475 |
| 942 | _cBOOK | ||
| 980 | _aNBR | ||
| 980 | _aNB | ||